Responses for Show #2303 - Wednesday, September 14, 1994

Contestants

[<< previous game]

Robert Chung, a demographer from Berkeley, California

Julie Kitchel, an executive assistant from Washington, D.C.

Lane Rensslaer, a policy analyst originally from New York City, New York (whose 1-day cash winnings total $899)

[next game >>]

Jeopardy! Round responses

MAMMALS
POP MUSIC
HOBBIES
LAKES & RIVERS
MAGAZINES
FOREIGN WORDS & PHRASES
    $100 6
a kangaroo

Robert
    $100 9
The Carpenters

Robert
    $100 12
Ships

Julie
    $100 1
the Great Lakes

Robert
    $100 20
Tom Selleck

Robert
    $100 19
New Zealand

Lane
    $200 7
the walrus

Robert
    $200 10
Mariah Carey

Triple Stumper
    $200 13
beekeeping

Lane
    $200 2
the Jordan

Robert
    $200 21
TV Guide

Julie
    $200 22
red, white and blue

Lane
    $300 8
panther (leopard)

Lane
    $300 11
(Lane: Who is Ray Charles?)

Elvis Presley

Lane
Triple Stumper
    $300 14
crossword puzzles

Julie
    $300 3
North America

Robert
    $300 26
Time

Robert
    $300 23
Milk

Julie
    $400 29
the grizzly

Robert
    $400 17
Born in the U.S.A.

Julie
    $400 15
chain stitch

Julie
    $400 4
The Euphrates

Robert
    $400 27
(Lane: What is House & Garden?)

Better Homes and Gardens

LaneJulie
    $400 24
a cockroach

Julie
    $500 30
a sloth

Lane
    $500 18
The Byrds

Julie
    $500 16
glass

Robert
    $1,000 5
Kalahari (or Namib)

Robert
    $500 28
Field & Stream

Lane
    $500 25
Merry Christmas

Lane

Scores at the first commercial break (after clue 15):

Lane Julie Robert
$200 $800 $2,400

Scores at the end of the Jeopardy! Round:

Lane Julie Robert
$1,600 $3,000 $3,700

Double Jeopardy! Round responses

WORLD HISTORY
CHEMISTRY
FASHION
IDAHO
AUTHORS
SUPREME COURT APPOINTMENTS
(Alex: And for this category, I will name a justice or justices, and you have to name the president who appointed that individual.)
    $200 1
(Lane: What is Iran?)

Iraq

LaneRobert
    $200 11
plaster

Lane
    $200 16
a tie

Lane
    $200 6
Boise

Julie
    $200 21
London

Lane
    $200 26
Ronald Reagan

Julie
    $400 2
the Falklands

Lane
    $400 12
(Lane: What is candy?)
(Alex: Be more specific.)
(Lane: What are [**]?)
(Alex: No. Oh, [**] is [*], so chewing [*], Right. We'll accept it.)

(chewing) gum (Chiclets accepted)

Lane
    $400 17
a garter

Julie
    $400 7
a nuclear power plant

Robert
    $400 22
Jacqueline Susann

Robert
    $400 27
George Bush

Lane
    $600 3
Chiang Kai-shek

Lane
    $600 13
ruby

Julie
    $600 18
Levi Strauss

Robert
    $600 8
Sun Valley

Lane
    $600 23
Faulkner

Julie
    $600 28
Kennedy

Lane
    $800 4
Costa Rica

Lane
    $800 14
(Lane: What is mercury sulphate?)
...
(Alex: We were going for the metal, [*], not the ore.)

mercury

Lane
Triple Stumper
    $800 19
scrubs

Lane
    $800 9
(Lane: What is Crater National Park?)

Craters of the Moon National Park

Lane
Triple Stumper
    $800 24
Noel Coward

Julie
    $800 29
(Lane: Who is Eisenhower?)

(Lyndon) Johnson

LaneRobert
    $1000 5
(Robert: What's the Soviet-Japanese War? The Sino-Soviet War?)
...
(Alex: Yes, it wasn't the Soviet Union then.)

the Russo-Japanese war

LaneRobert
    $1000 15
clay

Robert
    $1,200 20
(Lane: Who is Perry Ellis?)

Laura Ashley

Lane
    $1000 10
Pocatello

Robert
    $1,200 25
Isak Dinesen

Julie
    $1000 30
Abraham Lincoln

Triple Stumper

Scores at the end of the Double Jeopardy! Round:

Lane Julie Robert
$4,000 $7,000 $7,100

[wagering suggestions for these scores]

Final Jeopardy! Round responses

NOTABLE WOMEN
LaneWho is Virginia Dare
$3,200
JulieWho is
$7,000
RobertWho is Mother Teresa
$7,000
Mother Teresa

Final scores:

Lane Julie Robert
$800 $0 $14,100
2nd place: Gateway PC + Bassett home computer workstation 3rd place: Kitchenaid kitchen appliances New champion: $14,100

Game dynamics:

Coryat scores:

Lane Julie Robert
$5,200 $6,800 $6,600
19 R,
7 W
(including 1 DD)
16 R
(including 1 DD),
0 W
19 R
(including 1 DD),
1 W

Combined Coryat: $18,600

[game clues] [game scores] [suggest correction]

Game tape date: 1994-07-20
The J! Archive is created by fans, for fans. Scraping, republication, monetization, and malicious use prohibited; this site may use cookies and collect identifying information. See terms. The Jeopardy! game show and all elements thereof, including but not limited to copyright and trademark thereto, are the property of Jeopardy Productions, Inc. and are protected under law. This website is not affiliated with, sponsored by, or operated by Jeopardy Productions, Inc. Join the discussion at JBoard.tv.